Logo BPK

Bibliografia Prac Pracowników

Politechniki Koszalińskiej

Podstawy prawa geodezyjnego i budowlanego dla geodetów / (Rekord nr 6483)

Szczegóły MARC
000 -ETYKIETA REKORDU
podpole kontrolne o stałej długości 01267nam a2200217 i 4500
001 - NUMER KONTROLNY REKORDU
podpole kontrolne BPP
003 - IDENTYFIKATOR NUMERU KONTROLNEGO REKORDU
podpole kontrolne BPK
005 - DATA OSTATNIEJ MODYFIKACJI REKORDU
podpole kontrolne 20160126132354.0
008 - POLE O STAŁEJ DŁUGOŚCI - DANE KONTROLNE
podpole kontrolne o stałej długości 160126s2012 pl f |000 0 pol
040 ## - ŹRÓDŁO KATALOGOWANIA
Instytucja, która utworzyła rekord BPK
080 ## - UNIWERSALNA KLASYFIKACJA DZIESIĘTNA - UKD
UKD 349.44
100 ## - NAZWA OSOBOWA
Nazwa osobowa NIEDŹWIECKA, Maria.
Lata pracy 1996 - .
Instytucja Politechnika Koszalińska - Wydział Inżynierii Lądowej, Środowiska i Geodezji,
Wydział Zakład Gospodarki Nieruchomościami i Katastru Nieruchomości
245 ## - TYTUŁ/ODPOWIEDZIALNOŚĆ
Tytuł Podstawy prawa geodezyjnego i budowlanego dla geodetów /
Pozostałe elementy strefy tytułu i oznaczenia odpowiedzialności Maria Niedźwiecka.
260 ## - STREFA ADRESU WYDAWNICZEGO
Miejsce wydania Koszalin :
Nazwa wydawcy/dystrybutora Wydaw. Uczelniane Politechniki Koszalińskiej,
Data publikacji, dystrybucji/powstania dokumentu 2012.
300 ## - STREFA OPISU FIZYCZNEGO
Objętość 163 s.
500 ## - UWAGI OGÓLNE
Tekst uwagi Dane z autopsji.
520 ## - UWAGA DOTYCZĄCA TREŚCI DOKUMENTU
Analiza dokumentacyjna, adnotacja itp. Praca stanowi materiał pomocniczy do nauczania przedmiotu "Prawo geodezyjne i budowlane". Tematyka przedmiotu jest realizowana poprzez analizę przepisów prawnych, a w szczególności ustaw : kodeks postępowania administracyjnego, prawo geodezyjne i kartograficzne, prawo budowlane oraz wybranych tematycznie aktów wykonawczych do tych ustaw i norm prawnych wynikających z wielu innych aktów normatywnych, niezbędnych do zrozumienia zagadnień prawem unormowanych poprzez wyżej wymienione trzy ustawy.
650 ## - HASŁO PRZEDMIOTOWE W FORMIE NAZWY OGÓLNEJ LUB JEDNOSTKOWEJ
Nazwa ogólna lub geograficzna Budownictwo - prawo.
650 #0 - HASŁO PRZEDMIOTOWE W FORMIE NAZWY OGÓLNEJ LUB JEDNOSTKOWEJ
Nazwa ogólna lub geograficzna Geodezja.
942 ## - HASŁO DODATKOWE - ELEMENTY(KOHA)
Typ dokumentu Książka
Schemat klasyfikacji Uniwersalna klasyfikacja dziesiętna
Egzemplarze
Wycofany Zagubiony Uszkodzony Dostępność Lokalizacja stała Lokalizacja bieżąca Sygnatura Typ dokumentu
      Dostępny Bibliografia Prac Pracowników - BPK Bibliografia Prac Pracowników - BPK 101720 Książka
© 2014 Biblioteka Politechniki Koszalińskiej :: BIBLIOGRAFIA PRAC PRACOWNIKÓW